History Quiz

Random History or World Quiz
Score 0/25 Timer 08:00
0 Plays Today
Letter % Correct
AAthens
93.9%
NNile
92.3%
GGiza
89.7%
ZZeus
88.8%
OOlympus
88.2%
SSparta
83.9%
IIliad
82.9%
JJudaism
82.1%
MMacedonia
79.7%
BByzantine
78.2%
XXerxes
75.3%
LLeonidas
65.4%
CColossus of Rhodes
64.7%
Letter % Correct
UUkraine
63.1%
WWestern
60.3%
EEtruscans
54.4%
TThermopylae
50.3%
YYouth
48.5%
FFertile Crescent
47.9%
RThe Republic
47.5%
PPeloponnesian Wars
45%
HHittites
44%
VVizier
30.2%
DDelian
26.7%
KKush
23.9%
Remove Ads.
Support Sporcle.
Get the best of Sporcle when you Go Orange. This ad-free experience offers more features, more stats, and more fun while also helping to support Sporcle. Thank you for becoming a member.

You're not logged in!

Compare scores with friends on all Sporcle quizzes.
OR
Log In

Show Comments

Extras

Top Quizzes Today


Score Distribution

Your Account Isn't Verified!

In order to create a playlist on Sporcle, you need to verify the email address you used during registration. Go to your Sporcle Settings to finish the process.

Report this User

Report this user for behavior that violates our Community Guidelines.

Details: